000 004130000a22001570004500
020 _a978-958-30-1832-9
082 0 4 _aE775c
100 1 _aEspinosa, Nury
245 1 0 _aCosas de animales/ Nury Espinosa
260 _aBogotá : Panamericana Editorial
300 _a32 P.
440 0 _aQue pase el tren
650 1 4 _aCuentos Infantiles Colombianos \ Animales - Cuentos infantiles
001 1876
942 _cLGB
999 _c49030
_d49030